[Event "NM for klubblag 2010"]
[Site "Drammen"]
[Date "2010.10.08"]
[Round "1"]
[Board "68"]
[White "Strand, Håkon"]
[Black "Jakobsen, Alf Gjøran"]
[Result "1-0"]
[WhiteElo "2099"]
[BlackElo "1618"]
[PlyCount "93"]
[WhiteTeam "Stavanger 1"]
[BlackTeam "Alta"]

1. e4 c6 2. d4 d5 3. Nc3 dxe4 4. Nxe4 Bf5 5. Ng3 Bg6 6. N1e2 Nf6 7. Nf4 e5 8.
Nxg6 hxg6 9. Be3 Nbd7 10. Bc4 Bd6 11. Qe2 Qe7 12. dxe5 Nxe5 13. O-O-O Nxc4 14.
Qxc4 Nd5 15. Rhe1 O-O 16. Kb1 Rfe8 17. Bd2 Qc7 18. Ne4 Rad8 19. Bg5 Be7 20. h4
Bxg5 21. hxg5 Nb6 22. Rxd8 Qxd8 23. Qe2 Nd5 24. c4 Nf4 25. Nf6+ gxf6 26. Qxe8+
Qxe8 27. Rxe8+ Kg7 28. gxf6+ Kxf6 29. g3 Nd3 30. Re3 Ne5 31. b3 c5 32. Kc2 a6
33. Kd2 Nc6 34. Rd3 Nd4 35. Ke3 Nf5+ 36. Ke4 Ke6 37. Rd2 Nd6+ 38. Ke3 f6 39.
Rd5 b6 40. f3 Nf5+ 41. Kf2 Nd6 42. g4 f5 43. Kg3 Nf7 44. gxf5+ gxf5 45. Kf4 Nd6
46. Rxd6+ Kxd6 47. Kxf5 1-0

[Event "NM for klubblag 2010"]
[Site "Drammen"]
[Date "2010.10.08"]
[Round "1"]
[Board "69"]
[White "Omtvedt, Per"]
[Black "Meyer, Michael A"]
[Result "1-0"]
[WhiteElo "1877"]
[BlackElo "1313"]
[PlyCount "59"]
[WhiteTeam "Stjernen"]
[BlackTeam "Fredriksstad"]

1. e4 c5 2. Nf3 g6 3. d4 cxd4 4. Nxd4 Nc6 5. c4 Bg7 6. Be3 Nf6 7. Nc3 O-O 8.
Be2 e6 9. O-O d5 10. cxd5 exd5 11. exd5 Nxd5 12. Nxd5 Qxd5 13. Bf3 Qd7 14. Nxc6
bxc6 15. Qa4 Bb7 16. Rad1 Qc7 17. Rd2 a6 18. Rc1 Rfd8 19. Rdc2 Rac8 20. g3 c5
21. Rxc5 Qxc5 22. Bxc5 Bxf3 23. b4 Bf8 24. Qxa6 Bxc5 25. bxc5 Rxc5 26. Rxc5
Rd1+ 27. Qf1 Kf8 28. a4 Ke8 29. Re5+ Kd7 30. Re1 1-0

[Event "NM for klubblag 2010"]
[Site "Drammen"]
[Date "2010.10.08"]
[Round "1"]
[Board "70"]
[White "Eriksen, Geir-Arne"]
[Black "Liabøtrø, Pål-Ole"]
[Result "0-1"]
[WhiteElo "1248"]
[BlackElo "1865"]
[PlyCount "124"]
[WhiteTeam "Fredriksstad"]
[BlackTeam "Stjernen"]

1. d4 Nf6 2. Nf3 e6 3. Nc3 Bb4 4. Bd2 b6 5. g3 Bb7 6. Bg2 O-O 7. O-O Na6 8. a3
Be7 9. Re1 d5 10. e3 c5 11. Ne5 Nd7 12. Ne2 Nc7 13. Nf4 Nxe5 14. dxe5 Rb8 15.
Qg4 Kh8 16. Rad1 f5 17. exf6 Bxf6 18. Bc3 Bxc3 19. bxc3 Qf6 20. c4 e5 21. Nh3
d4 22. exd4 Bxg2 23. Kxg2 cxd4 24. Kg1 Rbe8 25. Rf1 Ne6 26. Qe4 Nc5 27. Qh4
Qxh4 28. gxh4 Rf3 29. Ng5 Rxa3 30. f4 exf4 31. Rxf4 h6 32. Nf7+ Kg8 33. Nd6 Rd8
34. Rfxd4 Rc3 35. Nb5 Rxd4 36. Rxd4 Rxc2 37. Nxa7 Kf7 38. Rf4+ Kg6 39. Nc6 Re2
40. Rf2 Rxf2 41. Kxf2 Kf5 42. Ne7+ Kg4 43. Kg2 Nd7 44. h3+ Kf4 45. Kf2 Ke4 46.
Ke2 Ne5 47. Nd5 Nxc4 48. Nc3+ Kd4 49. Nb5+ Ke5 50. Kd3 Nd6 51. Nc3 Nf5 52. Ke2
Nxh4 53. Kf2 Nf5 54. Kf3 Nd6 55. Kg4 g6 56. h4 b5 57. h5 g5 58. Kf3 b4 59. Nb1
Kd4 60. Ke2 Ne4 61. Kf3 Kd3 62. Kg4 Nd6 0-1

[Event "NM for klubblag 2010"]
[Site "Drammen"]
[Date "2010.10.08"]
[Round "1"]
[Board "71"]
[White "Grebstad, Kjell Børre"]
[Black "Kjernlie, Ole Ivar"]
[Result "1-0"]
[WhiteElo "1840"]
[BlackElo "1225"]
[PlyCount "144"]
[WhiteTeam "Stjernen"]
[BlackTeam "Fredriksstad"]

1. d4 d5 2. c4 e6 3. Nf3 Nf6 4. Nc3 c5 5. cxd5 exd5 6. Bg5 Be6 7. Qb3 b6 8.
Bxf6 gxf6 9. e4 dxe4 10. d5 Bf5 11. Qa4+ Bd7 12. Qxe4+ Qe7 13. O-O-O Bh6+ 14.
Kb1 Qxe4+ 15. Nxe4 Bf5 16. Bd3 Bxe4 17. Bxe4 Nd7 18. Rhe1 O-O 19. Bf5 Rfd8 20.
Re4 Bg7 21. Rh4 h6 22. Nd2 Ne5 23. Ne4 Kf8 24. Kc2 Ng6 25. Bxg6 fxg6 26. Rf4
Kf7 27. a4 Rd7 28. Kb3 Rad8 29. Kc4 a6 30. Nc3 g5 31. Re4 f5 32. Re6 Rd6 33.
Rxd6 Rxd6 34. a5 Bf8 35. Ra1 Rf6 36. axb6 Rxb6 37. Ra2 Rb4+ 38. Kd3 Rb6 39. Na4
Rb4 40. Nc3 Rb6 41. Kc2 Ke8 42. b3 Kd7 43. Na4 Rb8 44. Nb2 Ra8 45. Nc4 Kc7 46.
Kd3 Rd8 47. Rxa6 Rxd5+ 48. Ke3 f4+ 49. Ke4 Rd4+ 50. Kf5 Rd3 51. Rf6 Bg7 52.
Rf7+ Rd7 53. Rxd7+ Kxd7 54. Kg6 Bf8 55. Ne5+ Ke6 56. Nf7 Kd5 57. Nxh6 Bxh6 58.
Kxh6 Kd4 59. Kxg5 Kc3 60. h4 Kxb3 61. h5 c4 62. h6 f3 63. gxf3 c3 64. h7 c2 65.
h8=Q c1=Q+ 66. f4 Qg1+ 67. Kf5 Qb1+ 68. Kg4 Qd1+ 69. Kg3 Qg1+ 70. Kf3 Qd1+ 71.
Kg2 Qd5+ 72. f3 Qd2+ 1-0

[Event "NM for klubblag 2010"]
[Site "Drammen"]
[Date "2010.10.08"]
[Round "1"]
[Board "72"]
[White "Rosseland, Jon Birger"]
[Black "Ofstad, Sigurd"]
[Result "1/2-1/2"]
[WhiteElo "1083"]
[BlackElo "1624"]
[PlyCount "37"]
[WhiteTeam "Fredriksstad"]
[BlackTeam "Stjernen"]

1. c4 f5 2. Nc3 Nf6 3. d4 g6 4. Bf4 Bg7 5. Nf3 d6 6. g3 c6 7. Bg2 Nh5 8. Qd2
Nxf4 9. Qxf4 O-O 10. Qe3 Qe8 11. O-O e5 12. Rfd1 e4 13. Ng5 h6 14. Nh3 Na6 15.
f3 Be6 16. d5 cxd5 17. cxd5 Bd7 18. fxe4 fxe4 19. Qxe4 1/2-1/2

[Event "NM for klubblag 2010"]
[Site "Drammen"]
[Date "2010.10.08"]
[Round "1"]
[Board "73"]
[White "Andersen, Lars Even"]
[Black "Gonzalez, Francisco"]
[Result "1-0"]
[WhiteElo "2180"]
[BlackElo "1750"]
[PlyCount "43"]
[WhiteTeam "Black Knights 1"]
[BlackTeam "Asker 2"]

1. Nc3 d5 2. e4 dxe4 3. Nxe4 e6 4. d4 Be7 5. Bd3 a6 6. Nf3 Nf6 7. O-O Nbd7 8.
Ne5 O-O 9. Ng5 h6 10. Nexf7 Qe8 11. Bg6 hxg5 12. Nh6+ gxh6 13. Bxe8 Nxe8 14. f4
Ng7 15. fxg5 Rxf1+ 16. Qxf1 hxg5 17. Bd2 Nf5 18. c3 Nb6 19. Qf3 Ng7 20. Rf1 Nc4
21. Qf7+ Kh7 22. Qxe7 1-0

[Event "NM for klubblag 2010"]
[Site "Drammen"]
[Date "2010.10.08"]
[Round "1"]
[Board "75"]
[White "Myrstad, Odd Magnus"]
[Black "Lund, Petter"]
[Result "1-0"]
[WhiteElo "2024"]
[BlackElo "1552"]
[PlyCount "71"]
[WhiteTeam "Black Knights 1"]
[BlackTeam "Asker 2"]

1. e4 e5 2. Nf3 Nc6 3. Bb5 a6 4. Ba4 Nf6 5. O-O b5 6. Bb3 Be7 7. a4 b4 8. d4 d6
9. Bd5 Nxd5 10. exd5 e4 11. dxc6 exf3 12. Qxf3 d5 13. Bf4 O-O 14. Nd2 Bg5 15.
Nb3 f5 16. Rfe1 Bxf4 17. Qxf4 g5 18. Qe5 f4 19. Nc5 Bf5 20. Nd7 Rf7 21. Qxd5 h6
22. Re8+ Qxe8 23. Nf6+ Kg7 24. Nxe8+ Rxe8 25. Qc4 a5 26. f3 Rfe7 27. Qc5 Kg6
28. Qxa5 b3 29. cxb3 Re2 30. Qb4 R8e3 31. a5 Bc2 32. a6 Rxb3 33. Qc4 Rbe3 34.
a7 Bd3 35. Qc3 Rc2 36. a8=Q 1-0

[Event "NM for klubblag 2010"]
[Site "Drammen"]
[Date "2010.10.08"]
[Round "1"]
[Board "76"]
[White "Benn, Neil"]
[Black "Flaata, Alexander R"]
[Result "0-1"]
[WhiteElo "1549"]
[BlackElo "2003"]
[PlyCount "126"]
[WhiteTeam "Asker 2"]
[BlackTeam "Black Knights 1"]

1. Nf3 Nf6 2. d4 g6 3. c4 c5 4. d5 b5 5. Qc2 Bg7 6. e4 d6 7. h3 O-O 8. cxb5 a6
9. Nc3 e6 10. dxe6 Bxe6 11. Be3 Qa5 12. b6 Nxe4 13. Qxe4 Bxc3+ 14. Bd2 Bxd2+
15. Nxd2 Nd7 16. b7 Rae8 17. Be2 Bf5 18. Qc6 Bd3 19. O-O-O Nb8 20. Qxe8 Rxe8
21. Bxd3 d5 22. Nb3 Qc7 23. Bc2 c4 24. Nd4 Qxb7 25. Ba4 Rc8 26. Rhe1 c3 27. b3
Qb4 28. Re2 Qa3+ 29. Kb1 a5 30. Nb5 Qc5 31. Rc2 Nc6 32. Rxc3 Qxf2 33. Rc2 Qf6
34. Rxd5 Re8 35. Rd1 Nb4 36. Rcd2 Qf5+ 37. Kb2 Qe5+ 38. Nc3 Rc8 39. Rd8+ Rxd8
40. Rxd8+ Kg7 41. Rd2 Nxa2 42. Kxa2 Qxc3 43. Re2 Qd3 44. Rf2 Qe3 45. Rc2 h5 46.
Bc6 g5 47. Bf3 g4 48. hxg4 hxg4 49. Bxg4 Qe4 50. Rc4 Qxg2+ 51. Ka3 Qf1 52. Ka4
f5 53. Bh5 f4 54. Kxa5 f3 55. Bxf3 Qxf3 56. b4 Qa8+ 57. Kb6 Qb8+ 58. Kc6 Kf7
59. b5 Ke6 60. Re4+ Kf5 61. Re7 Kf6 62. Rh7 Qe8+ 63. Kc5 Qe3+ 0-1

[Event "NM for klubblag 2010"]
[Site "Drammen"]
[Date "2010.10.08"]
[Round "1"]
[Board "77"]
[White "Jørgensen, Line Jin"]
[Black "Hamre, Kenneth"]
[Result "0-1"]
[WhiteElo "1799"]
[BlackElo "1810"]
[PlyCount "76"]
[WhiteTeam "Sevland"]
[BlackTeam "Sarpsborg"]

1. d4 Nf6 2. Nf3 g6 3. c4 Bg7 4. Nc3 d5 5. Bg5 c6 6. e3 Bg4 7. Qb3 Bxf3 8. gxf3
Nbd7 9. Bxf6 Bxf6 10. cxd5 Nb6 11. dxc6 bxc6 12. Be2 Rb8 13. Qc2 O-O 14. O-O e5
15. dxe5 Bxe5 16. f4 Bg7 17. Rab1 Qe7 18. Rfd1 Qe6 19. b3 Rfe8 20. Bf3 Rbc8 21.
Ne4 Nd5 22. Ng5 Qe7 23. Bxd5 cxd5 24. Qd2 d4 25. exd4 h6 26. Re1 Qb7 27. Nh3
Red8 28. Qe2 Rxd4 29. Rbd1 Qd7 30. Rxd4 Bxd4 31. Kg2 Qf5 32. Rd1 Bf6 33. Rd3
Kg7 34. Qf3 Rc1 35. Rd5 Qc8 36. f5 Qa6 37. fxg6 Qf1+ 38. Kg3 Rc3 0-1

[Event "NM for klubblag 2010"]
[Site "Drammen"]
[Date "2010.10.08"]
[Round "1"]
[Board "78"]
[White "Fjellengen, Bård"]
[Black "Sevland, Rune K"]
[Result "1-0"]
[WhiteElo "1789"]
[BlackElo "1506"]
[PlyCount "107"]
[WhiteTeam "Sarpsborg"]
[BlackTeam "Sevland"]

1. d4 d5 2. Nf3 Nf6 3. e3 Bg4 4. c4 Nc6 5. Nc3 e6 6. cxd5 Nxd5 7. Bd2 a6 8. Rc1
Bb4 9. a3 Nxc3 10. Bxc3 Bxc3+ 11. Rxc3 O-O 12. Be2 Ne7 13. O-O Qd6 14. Ne5 Bxe2
15. Qxe2 Nd5 16. Rc2 Nb6 17. Rfc1 Rac8 18. Nd3 Rfd8 19. Nc5 Rb8 20. Qf3 c6 21.
a4 Qd5 22. Qg3 Nd7 23. Nxd7 Qxd7 24. Rc5 Qd6 25. Qf3 Rd7 26. b4 Qe7 27. b5 Rc7
28. g3 Rbc8 29. bxa6 bxa6 30. Rxc6 h6 31. Rxc7 Rxc7 32. Rxc7 Qxc7 33. Qa8+ Kh7
34. Qxa6 Qc1+ 35. Qf1 Qa3 36. Qb5 Qc1+ 37. Kg2 Qc2 38. a5 Qe4+ 39. Kg1 f6 40.
a6 e5 41. a7 exd4 42. Qb4 Kg6 43. Qxd4 Qb1+ 44. Kg2 Qb7+ 45. f3 Kf7 46. Qa1 Qa8
47. e4 g5 48. Qa5 Kg6 49. Qf5+ Kg7 50. Qd7+ Kg6 51. Qc7 g4 52. Qb8 gxf3+ 53.
Kxf3 Qc6 54. Qg8+ 1-0

[Event "NM for klubblag 2010"]
[Site "Drammen"]
[Date "2010.10.08"]
[Round "1"]
[Board "80"]
[White "Andersen, Dag"]
[Black "Andreassen, Espen"]
[Result "1-0"]
[WhiteElo "1717"]
[BlackElo "687"]
[PlyCount "69"]
[WhiteTeam "Sarpsborg"]
[BlackTeam "Sevland"]

1. d4 d5 2. c4 c6 3. Nf3 Nf6 4. Nc3 Bf5 5. a4 e6 6. e3 Bb4 7. Bd2 h6 8. Be2 O-O
9. O-O Re8 10. Qb3 a5 11. Ne5 Nbd7 12. Nxd7 Nxd7 13. cxd5 exd5 14. Rfd1 Qh4 15.
g3 Qh3 16. Bf1 Qh5 17. Ne2 Be4 18. Nf4 Qg4 19. Bxb4 axb4 20. Qxb4 Rab8 21. h3
Qf5 22. Be2 g5 23. Bg4 Qf6 24. Bxd7 Red8 25. Bg4 gxf4 26. exf4 Qg6 27. Re1 h5
28. Be2 Qf5 29. Kh2 h4 30. Rg1 Kg7 31. Qe7 hxg3+ 32. Rxg3+ Kh8 33. Qh4+ Qh7 34.
Qf6+ Qg7 35. Qxg7# 1-0

[Event "NM for klubblag 2010"]
[Site "Drammen"]
[Date "2010.10.08"]
[Round "1"]
[Board "84"]
[White "Gyldenås, Ole Jørn"]
[Black "Furnes, Torstein"]
[Result "1-0"]
[WhiteElo "1917"]
[BlackElo "1551"]
[PlyCount "67"]
[EventDate "2010.??.??"]
[WhiteTeam "Nordstrand 1"]
[BlackTeam "Follo"]

1. d4 d5 2. Nf3 Nf6 3. g3 Bg4 4. Bg2 e6 5. O-O Be7 6. c4 c6 7. Ne5 Bf5 8. Nc3
O-O 9. f3 Nbd7 10. e4 dxe4 11. fxe4 Nxe5 12. exf5 Nxc4 13. fxe6 fxe6 14. Bh3
Nd5 15. Bxe6+ Kh8 16. Nxd5 cxd5 17. Rxf8+ Bxf8 18. Qf3 Nb6 19. Qf7 Be7 20. Bf4
Bf6 21. Rd1 Qe8 22. Bxd5 Qe2 23. Rd2 Qe1+ 24. Kg2 Re8 25. Bf3 Nc8 26. Kh3 b6
27. Be5 Rg8 28. Re2 Qf1+ 29. Kg4 Bxe5 30. dxe5 Qc1 31. e6 Nd6 32. Qf4 Qc8 33.
Kh3 Qe8 34. Qxd6 1-0

[Event "NM for klubblag 2010"]
[Site "Drammen"]
[Date "2010.10.09"]
[Round "2"]
[Board "1"]
[White "Stokke, Kjetil"]
[Black "Botheim, Tor"]
[Result "1-0"]
[WhiteElo "2395"]
[BlackElo "1931"]
[PlyCount "91"]
[EventDate "2010.??.??"]
[WhiteTeam "Bergens"]
[BlackTeam "1911 2"]

1. c4 Nf6 2. g3 g6 3. Bg2 Bg7 4. Nc3 O-O 5. e4 d6 6. Nge2 Nc6 7. O-O e5 8. d3
Nd7 9. Nd5 Nc5 10. Be3 Ne6 11. Qd2 Ned4 12. Nxd4 Nxd4 13. Bg5 f6 14. Be3 c6 15.
Nc3 f5 16. exf5 Nxf5 17. Bg5 Qc7 18. b4 h6 19. Be3 Nxe3 20. Qxe3 Be6 21. Rab1
Rad8 22. Qxa7 d5 23. cxd5 cxd5 24. Qc5 Qd7 25. Qb5 Qf7 26. Rbc1 d4 27. Ne4 Bxa2
28. Nc5 Bd5 29. Bxd5 Rxd5 30. Qb6 Kh7 31. Ne6 Rg8 32. Rc7 Qf6 33. Rfc1 e4 34.
Rxb7 exd3 35. Nf4 Rd6 36. Qb5 d2 37. Rd1 g5 38. Qd3+ Kh8 39. Nh5 Qe5 40. Rxd2
Qd5 41. Re7 Rc6 42. Qe4 Rc1+ 43. Kg2 Qb5 44. Nxg7 Rf8 45. Re2 d3 46. Nh5 1-0

[Event "NM for klubblag 2010"]
[Site "Drammen"]
[Date "2010.10.09"]
[Round "2"]
[Board "2"]
[White "Kjøita, Henning"]
[Black "Gabrielsen, Trond"]
[Result "0-1"]
[WhiteElo "1849"]
[BlackElo "2223"]
[PlyCount "130"]
[EventDate "2010.??.??"]
[WhiteTeam "1911 2"]
[BlackTeam "Bergens"]

1. e4 c6 2. d4 d5 3. exd5 cxd5 4. c4 Nf6 5. Nc3 e6 6. Nf3 Bb4 7. Bd2 O-O 8. Bd3
dxc4 9. Bxc4 Nc6 10. a3 Be7 11. Bf4 b6 12. O-O Bb7 13. Ba2 Rc8 14. Rc1 Re8 15.
d5 exd5 16. Nxd5 Nxd5 17. Bxd5 Na5 18. Bxb7 Nxb7 19. Re1 Nc5 20. Be5 Qxd1 21.
Rcxd1 Bf8 22. h3 f6 23. Bd4 Rxe1+ 24. Rxe1 Nb3 25. Be3 Rc2 26. Rb1 Bc5 27. Bxc5
bxc5 28. Ne1 Re2 29. Kf1 Rd2 30. Nf3 Kf7 31. a4 a5 32. Kg1 Rc2 33. g3 Ke6 34.
Ne1 Rc4 35. Nd3 Rxa4 36. Rc1 Kd6 37. Rc3 c4 38. Nf4 Rb4 39. Ng2 Nd4 40. Kf1 Nb5
41. Rc2 Nd4 42. Rc3 Kc5 43. Ne3 a4 44. h4 g6 45. Kg2 Nf5 46. Nd1 Nd6 47. Rc2 f5
48. Rd2 Rb3 49. Nc3 Ne4 50. Rd5+ Kc6 51. Ra5 Nxc3 52. bxc3 a3 53. Kf1 Rxc3 54.
Ke2 Rb3 55. Kd2 Kb6 56. Ra8 Rf3 57. Ke2 Rd3 58. Rb8+ Kc5 59. Rb7 h5 60. Rb8 Kd4
61. Ra8 Rb3 62. Ra6 Kc3 63. Ra4 Kb2 64. Kd2 c3+ 65. Ke2 a2 0-1

[Event "NM for klubblag 2010"]
[Site "Drammen"]
[Date "2010.10.09"]
[Round "2"]
[Board "3"]
[White "Martinsen, Stig K"]
[Black "Kjølberg, Jens Hjorth"]
[Result "1/2-1/2"]
[WhiteElo "2160"]
[BlackElo "1724"]
[PlyCount "94"]
[EventDate "2010.??.??"]
[WhiteTeam "Bergens"]
[BlackTeam "1911 2"]

1. d4 Nf6 2. c4 g6 3. Nc3 Bg7 4. e4 d6 5. f4 O-O 6. Nf3 c5 7. dxc5 dxc5 8. Qxd8
Rxd8 9. e5 Ne8 10. Be3 b6 11. Be2 Nc6 12. O-O f6 13. exf6 exf6 14. Rad1 Be6 15.
b3 Rac8 16. h3 f5 17. Ng5 Bd7 18. Nd5 h6 19. Nf3 Be6 20. Rd2 Rd7 21. Rfd1 Rcd8
22. a3 Kf7 23. Rb1 Nd6 24. b4 Ne4 25. Rc2 Nd4 26. Bxd4 cxd4 27. Bd3 Nc3 28.
Nxc3 dxc3 29. Be2 Rc7 30. Ne5+ Bxe5 31. fxe5 Rd2 32. Rxd2 cxd2 33. Rd1 Rd7 34.
Kf2 f4 35. c5 bxc5 36. bxc5 Rc7 37. Rxd2 Rxc5 38. Rd4 g5 39. h4 Rxe5 40. Bc4
Bxc4 41. Rxc4 Ra5 42. a4 Ke6 43. g3 fxg3+ 44. Kxg3 Kf5 45. Rb4 Rc5 46. Rd4 Rc3+
47. Kg2 Rc5 1/2-1/2

[Event "NM for klubblag 2010"]
[Site "Drammen"]
[Date "2010.10.09"]
[Round "2"]
[Board "4"]
[White "Kjøita, Torgeir"]
[Black "Skage, Øystein Aagedal"]
[Result "1-0"]
[WhiteElo "1627"]
[BlackElo "1971"]
[PlyCount "109"]
[EventDate "2010.??.??"]
[WhiteTeam "1911 2"]
[BlackTeam "Bergens"]

1. e4 c5 2. Nf3 d6 3. d4 cxd4 4. Nxd4 a6 5. Be2 Nf6 6. Nc3 e6 7. O-O Be7 8. Be3
O-O 9. Bf3 Bd7 10. Qe2 Nc6 11. Nxc6 bxc6 12. b3 Ne8 13. Rad1 Qc7 14. Na4 c5 15.
Nb2 Bc6 16. Nc4 a5 17. a4 Qb7 18. Bd2 Bd8 19. Bc3 Bc7 20. Rd3 e5 21. Re1 g6 22.
Bd2 f6 23. Bh6 Rf7 24. Bg4 Re7 25. Bf3 Rd8 26. Bd2 Qa8 27. Bc3 Ng7 28. Qd2 f5
29. Nxd6 Bxd6 30. Rxd6 Red7 31. Rxd7 Rxd7 32. Qe2 fxe4 33. Bxe4 Bxe4 34. Qxe4
Qxe4 35. Rxe4 Rd1+ 36. Re1 Rxe1+ 37. Bxe1 Ne6 38. Bxa5 Kf7 39. Bc3 Kf6 40. g3
g5 41. a5 Kf5 42. Kf1 g4 43. Ke2 Nc7 44. Bb2 Ke4 45. c3 Na6 46. Ba3 h5 47. Bc1
Nc7 48. Bd2 Nb5 49. a6 Nc7 50. a7 Kd5 51. Be3 Kc6 52. Kd3 Kd5 53. c4+ Kd6 54.
Ke4 Ke6 55. Bxc5 1-0

[Event "NM for klubblag 2010"]
[Site "Drammen"]
[Date "2010.10.09"]
[Round "2"]
[Board "5"]
[White "Jacobsen, Maria Pitz"]
[Black "Urkedal, Frode Olav Olsen"]
[Result "0-1"]
[WhiteElo "1751"]
[BlackElo "2424"]
[PlyCount "82"]
[EventDate "2010.??.??"]
[WhiteTeam "Vålerenga"]
[BlackTeam "1911 1"]

1. e4 c5 2. Nf3 d6 3. d4 cxd4 4. Nxd4 Nf6 5. Nc3 a6 6. Be2 e6 7. Be3 Qc7 8. O-O
b5 9. a3 Bb7 10. f3 Be7 11. Qd2 O-O 12. Rad1 Nbd7 13. Nb3 Rac8 14. Bd4 Rfd8 15.
Bd3 Nc5 16. Qf2 Re8 17. Rfe1 e5 18. Be3 Nxd3 19. Rxd3 Bc6 20. Bb6 Qb8 21. Red1
Bd7 22. Na5 Be6 23. Nd5 Bxd5 24. exd5 Rxc2 25. R3d2 Rxd2 26. Rxd2 Bd8 27. Bxd8
Qxd8 28. Nc6 Qd7 29. Qe1 Nxd5 30. Rxd5 Qxc6 31. Qd1 Re6 32. Qd2 g6 33. h3 Kg7
34. Kh2 h5 35. Kg1 Qc4 36. Kh1 a5 37. Rxd6 Rxd6 38. Qxd6 Qc1+ 39. Kh2 Qxb2 40.
Qc5 b4 41. axb4 a4 0-1

[Event "NM for klubblag 2010"]
[Site "Drammen"]
[Date "2010.10.09"]
[Round "2"]
[Board "6"]
[White "Hansen, Torbjørn R"]
[Black "Mundal, Arnold"]
[Result "1-0"]
[WhiteElo "2413"]
[BlackElo "1794"]
[PlyCount "75"]
[EventDate "2010.??.??"]
[WhiteTeam "1911 1"]
[BlackTeam "Vålerenga"]

1. e4 e6 2. d4 d5 3. Nd2 c5 4. Ngf3 Nc6 5. exd5 exd5 6. Bb5 Nf6 7. O-O Be7 8.
dxc5 O-O 9. Nb3 Bg4 10. h3 Bh5 11. Be3 Ne5 12. Be2 Bxf3 13. Bxf3 Nxf3+ 14. Qxf3
Rc8 15. Rad1 Ne4 16. c4 Bxc5 17. Rxd5 Qe7 18. Nxc5 Nxc5 19. b3 b6 20. Rfd1 Qe4
21. Bxc5 Qxf3 22. gxf3 bxc5 23. Rd7 Rfe8 24. Kf1 a6 25. R1d6 Kf8 26. Rxa6 Re7
27. Rxe7 Kxe7 28. Ke2 Kd7 29. Kd3 Re8 30. Ra7+ Ke6 31. Rc7 Rd8+ 32. Kc3 Rd4 33.
Rxc5 Rh4 34. a4 Rxh3 35. a5 Rxf3+ 36. Kb4 Kd6 37. a6 Rxb3+ 38. Kxb3 1-0

[Event "NM for klubblag 2010"]
[Site "Drammen"]
[Date "2010.10.09"]
[Round "2"]
[Board "9"]
[White "Johannessen, Leif E"]
[Black "Haarr, Jon Kristian"]
[Result "1-0"]
[WhiteElo "2503"]
[BlackElo "2205"]
[PlyCount "81"]
[EventDate "2010.??.??"]
[WhiteTeam "OSS 1"]
[BlackTeam "Stavanger 2"]

1. d4 Nf6 2. c4 e5 3. dxe5 Ng4 4. e3 Nxe5 5. f4 Nec6 6. Nc3 Bb4 7. Bd2 O-O 8.
Bd3 Re8 9. Nf3 d6 10. O-O Nd7 11. Qc2 Nf6 12. Rae1 h6 13. a3 Ba5 14. b4 Bb6 15.
Kh1 a6 16. Bc1 Bg4 17. h3 Bxf3 18. gxf3 Nh5 19. Qg2 Qh4 20. Rg1 Nd4 21. Nd5 Ne6
22. Bb2 Ba7 23. Bf5 c6 24. Bxe6 Rxe6 25. f5 Re5 26. Bxe5 dxe5 27. Nc3 Rd8 28.
Ne4 Kh7 29. Qg4 Qxg4 30. hxg4 Nf6 31. Nxf6+ gxf6 32. Rd1 Rxd1 33. Rxd1 Bxe3 34.
Rd7 Kg7 35. Rxb7 Bc1 36. a4 Bd2 37. b5 cxb5 38. axb5 axb5 39. cxb5 Be3 40. b6
Bxb6 41. Rxb6 1-0

[Event "NM for klubblag 2010"]
[Site "Drammen"]
[Date "2010.10.09"]
[Round "2"]
[Board "11"]
[White "Grønn, Atle"]
[Black "Pettersen, Joar Gullestad"]
[Result "1-0"]
[WhiteElo "2381"]
[BlackElo "2051"]
[PlyCount "65"]
[EventDate "2010.??.??"]
[WhiteTeam "OSS 1"]
[BlackTeam "Stavanger 2"]

1. Nf3 Nf6 2. c4 e6 3. g3 d5 4. b3 Be7 5. Bg2 O-O 6. O-O c5 7. cxd5 exd5 8. d4
Nc6 9. Bb2 Be6 10. Nc3 Rc8 11. Rc1 cxd4 12. Nxd4 a6 13. Na4 Nxd4 14. Qxd4 Qd6
15. Qb6 Qb8 16. Qd4 Rxc1 17. Rxc1 Rc8 18. Nc5 b6 19. Nxe6 Rxc1+ 20. Bxc1 fxe6
21. Bb2 Qc7 22. Bh3 Qc6 23. Qc3 Qxc3 24. Bxe6+ Kf8 25. Bxc3 Bd6 26. Bxf6 gxf6
27. Bxd5 Kg7 28. Kg2 f5 29. f4 a5 30. Bc6 Kf6 31. Kf3 Bc5 32. h3 h6 33. g4 1-0

[Event "NM for klubblag 2010"]
[Site "Drammen"]
[Date "2010.10.09"]
[Round "2"]
[Board "12"]
[White "Havik, Victor"]
[Black "Moen, Ole Christian"]
[Result "0-1"]
[WhiteElo "2078"]
[BlackElo "2211"]
[PlyCount "46"]
[EventDate "2010.??.??"]
[WhiteTeam "Stavanger 2"]
[BlackTeam "OSS 1"]

1. d4 Nf6 2. c4 g6 3. Nc3 Bg7 4. e4 d6 5. Nf3 O-O 6. Be2 e5 7. O-O Nc6 8. d5
Ne7 9. Ne1 Ne8 10. Nd3 f5 11. b4 fxe4 12. Nxe4 Nf5 13. Bg4 Nf6 14. Bg5 Qe8 15.
Bxf6 Bxf6 16. c5 Be7 17. Nb2 Qb5 18. a3 Nd4 19. Bxc8 Raxc8 20. Qd3 dxc5 21. Nc4
cxb4 22. axb4 Qxd5 23. Ra5 b5 0-1

[Event "NM for klubblag 2010"]
[Site "Drammen"]
[Date "2010.10.09"]
[Round "2"]
[Board "14"]
[White "Thingstad, Even"]
[Black "Suntharalingam, Jarani"]
[Result "1-0"]
[WhiteElo "2120"]
[BlackElo "1385"]
[PlyCount "71"]
[EventDate "2010.??.??"]
[WhiteTeam "Hønefoss 1"]
[BlackTeam "OSS 6"]

1. d4 d5 2. c4 dxc4 3. e4 Nf6 4. e5 Nd5 5. Bxc4 e6 6. Nf3 c5 7. Nc3 Nb6 8. Bb3
Nc6 9. dxc5 Qxd1+ 10. Bxd1 Bxc5 11. O-O O-O 12. Be2 f6 13. Ne4 Be7 14. exf6
Bxf6 15. Nxf6+ Rxf6 16. Bg5 Rf8 17. Rfe1 Na4 18. Bb5 Nb6 19. Rad1 Bd7 20. Rd2
a6 21. Bd3 Rac8 22. Bc2 Na5 23. Ne5 Rc7 24. Red1 h6 25. Be7 Re8 26. Bb4 Nc6 27.
Bd6 Rcc8 28. Bg6 Red8 29. Bf7+ Kh7 30. Nxd7 Nxd7 31. Bxe6 Ra8 32. Bc7 Re8 33.
Bxd7 Re7 34. Bf5+ Kh8 35. Bd6 Rf7 36. Be4 1-0

[Event "NM for klubblag 2010"]
[Site "Drammen"]
[Date "2010.10.09"]
[Round "2"]
[Board "16"]
[White "Thingstad, Anders"]
[Black "Gholami, Anita"]
[Result "1-0"]
[WhiteElo "1962"]
[BlackElo "1051"]
[PlyCount "105"]
[EventDate "2010.??.??"]
[WhiteTeam "Hønefoss 1"]
[BlackTeam "OSS 6"]

1. d4 e6 2. c4 d5 3. Nc3 Nf6 4. Nf3 Nbd7 5. Bg5 dxc4 6. e4 Be7 7. Bxc4 b6 8.
O-O Bb7 9. Qe2 c5 10. d5 exd5 11. exd5 O-O 12. Rad1 Bd6 13. Nb5 Re8 14. Qd2 Bb8
15. Rfe1 Ne5 16. Nxe5 Bxe5 17. d6 Qd7 18. Nc7 Qg4 19. Bf1 Ne4 20. Rxe4 Bxe4 21.
Nxe8 Bxb2 22. Qxb2 Qxg5 23. d7 Rd8 24. Qd2 Qxd2 25. Rxd2 Bc6 26. Rd6 Ba4 27.
Nc7 Rxd7 28. Rxd7 Bxd7 29. Bb5 Bxb5 30. Nxb5 a6 31. Nc7 a5 32. Kf1 Kf8 33. Ke2
Ke7 34. Nd5+ Kd6 35. Nxb6 Kc6 36. Nc4 Kb5 37. Kd3 a4 38. a3 f6 39. Nd6+ Kc6 40.
Ne8 g6 41. Nxf6 h5 42. Kc4 Kb6 43. Nd7+ Ka5 44. Nxc5 g5 45. f3 g4 46. f4 h4 47.
f5 g3 48. hxg3 hxg3 49. f6 Kb6 50. f7 Kc7 51. f8=Q Kb6 52. Qc8 Ka7 53. Qa6+ 1-0

[Event "NM for klubblag 2010"]
[Site "Drammen"]
[Date "2010.10.09"]
[Round "2"]
[Board "17"]
[White "Stenersen, Gudmund"]
[Black "Haugli, Petter"]
[Result "1-0"]
[WhiteElo "2200"]
[BlackElo "2255"]
[PlyCount "63"]
[EventDate "2010.??.??"]
[WhiteTeam "SOSS"]
[BlackTeam "Moss 1"]

1. e4 c5 2. Nf3 e6 3. c4 Nc6 4. Nc3 Nf6 5. d4 cxd4 6. Nxd4 Bb4 7. Nc2 Be7 8.
Be2 d6 9. O-O O-O 10. Be3 b6 11. Rb1 Bb7 12. b4 Rc8 13. f4 Qc7 14. Qd3 Rfd8 15.
Rfc1 Qb8 16. Bf3 Qa8 17. Re1 Bf8 18. a3 Ne7 19. Rbc1 d5 20. cxd5 exd5 21. e5
Ne4 22. Nd4 Ng6 23. Bg4 Rc4 24. Ncb5 a6 25. Nc7 Qb8 26. Rxc4 dxc4 27. Qxc4 Ne7
28. Nxa6 Qa8 29. Nc7 Qxa3 30. Nc2 Qb2 31. Bc1 Qc3 32. Rxe4 1-0